[Event "13. Lichtenberger Sommer"]
[Site "?"]
[Date "2014.08.23"]
[Round "8.35"]
[White "Schulz, Hartmut"]
[Black "Barwich, Alfred"]
[Result "1/2-1/2"]
[WhiteElo "2106"]
[BlackElo "2041"]
[PlyCount "110"]
[EventDate "2014.??.??"]
[WhiteTeam "SC Rotation Pankow e.V."]
[BlackTeam "SV Berolina Mitte e.V."]

1. d4 Nf6 2. c4 e6 3. Nf3 d5 4. Nc3 c6 5. Bg5 Be7 6. e3 Ne4 7. Bxe7 Qxe7 8. Rc1
f5 9. Bd3 O-O 10. O-O Nd7 11. Qe2 Ndf6 12. Ne5 Nxc3 13. Rxc3 Nd7 14. Nxd7 Bxd7
15. f4 Rae8 16. c5 b5 17. a4 a6 18. axb5 axb5 19. Ra3 Ra8 20. Rfa1 Rxa3 21.
Rxa3 Bc8 22. b4 g5 23. g3 g4 24. Qa2 Rf7 25. Ra8 Qb7 26. Qa5 Qc7 27. Qa6 Rf8
28. Ra7 Qb8 29. Qa5 Bb7 30. Qb6 Rf7 31. Bxb5 Qc8 32. Bf1 Kg7 33. b5 Ba8 34.
Rxf7+ Kxf7 35. bxc6 Bxc6 36. Qa7+ Qd7 37. Qxd7+ Bxd7 38. Kf2 Ke7 39. Ke1 Kd8
40. Kd2 Kc7 41. Kc3 h6 42. Kb4 Bc8 43. Ka5 Bb7 44. Bb5 Bc8 45. Be8 Kd8 46. Ba4
Kc7 47. Bb5 Bb7 48. Be8 Bc8 49. c6 Kd8 50. Bd7 Bxd7 51. cxd7 Kxd7 52. Kb6 Kd6
53. Kb7 Kd7 54. Kb6 Kd6 55. Kb7 Kd7 1/2-1/2

[Event "13. Lichtenberger Sommer"]
[Site "?"]
[Date "2014.08.23"]
[Round "8.36"]
[White "Hahlbohm, Matthias"]
[Black "Rollwitz, Jürgen"]
[Result "1-0"]
[WhiteElo "2074"]
[BlackElo "1987"]
[PlyCount "81"]
[EventDate "2014.??.??"]
[WhiteTeam "TSG Oberschöneweide e.V."]
[BlackTeam "SC Rochade e.V."]

1. e4 e5 2. Nf3 d6 3. d4 exd4 4. Nxd4 Nf6 5. Nc3 Be7 6. Bc4 O-O 7. Bb3 Nc6 8.
Nxc6 bxc6 9. O-O Be6 10. Be3 d5 11. h3 Qd7 12. e5 Ne8 13. f4 f5 14. Qd3 Qc8 15.
Ne2 c5 16. Bxd5 c6 17. Bf3 g6 18. b3 Ng7 19. Qc3 Rd8 20. Bxc5 Bxc5+ 21. Qxc5
Bd5 22. Nd4 Ne6 23. Nxe6 Qxe6 24. Rad1 g5 25. c4 Bxf3 26. Rxd8+ Rxd8 27. Rxf3
h6 28. Qe3 Qg6 29. Rf2 g4 30. Re2 Rd1+ 31. Re1 gxh3 32. g3 Qg4 33. Kh2 Rd7 34.
e6 Re7 35. Qd3 Qg7 36. Qxf5 Qb2+ 37. Kxh3 Qf2 38. Rd1 Kg7 39. Rd8 Qf1+ 40. Kh4
Qh1+ 41. Kg4 1-0

[Event "13. Lichtenberger Sommer"]
[Site "?"]
[Date "2014.08.23"]
[Round "8.37"]
[White "Schmidt, Jürgen"]
[Black "Schmidt, Markus"]
[Result "0-1"]
[WhiteElo "1992"]
[BlackElo "2097"]
[PlyCount "91"]
[EventDate "2014.??.??"]
[WhiteTeam "SC Kreuzberg e.V."]
[BlackTeam "SK Turm Bad Hersfeld"]

1. e4 c5 2. Nf3 d6 3. d4 cxd4 4. Nxd4 Nf6 5. Nc3 g6 6. Bc4 Bg7 7. Be3 O-O 8. h3
Nc6 9. Bb3 Bd7 10. O-O Rc8 11. Nxc6 Bxc6 12. f3 a6 13. Qd2 Re8 14. a4 Qa5 15.
Qf2 Nd7 16. Bd4 Nc5 17. Bxg7 Nxb3 18. cxb3 Kxg7 19. Qd4+ Qe5 20. Qxe5+ dxe5 21.
Rfd1 Red8 22. b4 Rd4 23. b5 Be8 24. bxa6 bxa6 25. a5 Rb8 26. Nd5 Rxb2 27. Nxe7
Bb5 28. Nd5 Be2 29. Rdb1 Rdd2 30. Rxb2 Rxb2 31. Nc3 Bc4 32. Nd1 Rd2 33. Ne3 Bd3
34. Ng4 f5 35. exf5 e4 36. f6+ Kf7 37. Ne5+ Kxf6 38. Ng4+ Kg5 39. fxe4 Bxe4 40.
Nf2 Bd5 41. Ra4 Kf5 42. g3 Ra2 43. Rf4+ Ke6 44. Ng4 Rg2+ 45. Kf1 Rxg3 46. Rf6+
0-1

[Event "13. Lichtenberger Sommer"]
[Site "?"]
[Date "2014.08.23"]
[Round "8.38"]
[White "Leyrer, Thomas"]
[Black "Badestein, Hartmut"]
[Result "1/2-1/2"]
[WhiteElo "1774"]
[BlackElo "2066"]
[PlyCount "135"]
[EventDate "2014.??.??"]
[WhiteTeam "SV Königsjäger Süd-West e.V."]
[BlackTeam "SC Friesen Lichtenberg e.V."]

1. d4 g6 2. c4 Bg7 3. Nc3 d6 4. e4 e5 5. d5 a5 6. Bd3 Na6 7. Be3 Nf6 8. f3 Nh5
9. Qd2 O-O 10. g4 Nf4 11. Bxf4 exf4 12. Qxf4 Nb4 13. Bb1 Qh4+ 14. Qg3 Qg5 15.
Nge2 Qe3 16. Nd1 Nd3+ 17. Bxd3 Qxd3 18. Rc1 Bd7 19. Nf4 Qd4 20. Qf2 Qe5 21. Nd3
Qg5 22. Qe3 Qe7 23. O-O c5 24. dxc6 bxc6 25. Kh1 Rae8 26. Nf4 Be5 27. Nd3 Bg7
28. Nf4 f5 29. gxf5 Bxf5 30. exf5 Qxe3 31. Nxe3 Rxe3 32. Ne6 Rxf5 33. Nxg7 Kxg7
34. Kg2 Kf6 35. Rce1 Rxe1 36. Rxe1 Re5 37. Rd1 Ke6 38. Kf2 Rh5 39. Kg3 Rf5 40.
a3 a4 41. f4 Rf8 42. h4 Rb8 43. Rd2 h5 44. Kf3 d5 45. cxd5+ cxd5 46. Rd4 Rb3+
47. Ke2 Rxb2+ 48. Kd1 Rh2 49. Rxa4 Kf5 50. Ke1 Rxh4 51. Rd4 Rh2 52. Kf1 Ra2 53.
Rxd5+ Kxf4 54. Rd3 h4 55. Kg1 g5 56. Rb3 Kg4 57. Rb4+ Kh5 58. Rb3 Kg4 59. Rb4+
Kf3 60. Rb3+ Ke2 61. Rb5 g4 62. Rb4 g3 63. Rb3 Rc2 64. Kg2 Rc5 65. Rb4 Rh5 66.
a4 h3+ 67. Kxg3 h2 68. Rb2+ 1/2-1/2

[Event "13. Lichtenberger Sommer"]
[Site "?"]
[Date "2014.08.23"]
[Round "8.39"]
[White "Püschel, Werner"]
[Black "Schmalzried, Volker"]
[Result "1/2-1/2"]
[WhiteElo "2093"]
[BlackElo "1875"]
[PlyCount "98"]
[EventDate "2014.??.??"]
[WhiteTeam "SG Lasker Steglitz-Wilmersdorf"]

1. e4 c5 2. Nf3 Nc6 3. Bb5 g6 4. O-O Bg7 5. c3 Nf6 6. Re1 O-O 7. h3 a6 8. Bf1
d6 9. a3 b5 10. d4 Bb7 11. d5 Nb8 12. c4 b4 13. Ra2 a5 14. a4 e5 15. b3 Bc8 16.
Nbd2 Ne8 17. Be2 f5 18. exf5 Bxf5 19. Nf1 e4 20. N3h2 Bd4 21. Be3 Bxe3 22. Nxe3
Qh4 23. Bg4 Ra7 24. g3 Qg5 25. h4 Qf6 26. Bxf5 gxf5 27. Ng2 Rg7 28. Nf4 Re7 29.
Rae2 Ng7 30. Re3 Nd7 31. Kg2 Ne5 32. f3 Ng6 33. Nh3 Rfe8 34. fxe4 Rxe4 35. Rxe4
Rxe4 36. Rf1 Qe5 37. Rf2 Re3 38. Nf1 Qe4+ 39. Kh2 Re1 40. Qf3 Qe5 41. Nf4 Nxf4
42. gxf4 Qc3 43. Qg3 Qxg3+ 44. Kxg3 Nh5+ 45. Kg2 Re4 46. Ng3 Nxg3 47. Kxg3 Re3+
48. Rf3 Rxf3+ 49. Kxf3 h5 1/2-1/2

[Event "13. Lichtenberger Sommer"]
[Site "?"]
[Date "2014.08.23"]
[Round "8.40"]
[White "Windolf, Mario"]
[Black "Kupfer, Michael"]
[Result "0-1"]
[WhiteElo "1772"]
[BlackElo "2059"]
[PlyCount "54"]
[EventDate "2014.??.??"]
[WhiteTeam "1. Schachclub Anhalt"]
[BlackTeam "SC Friesen Lichtenberg e.V."]

1. Nf3 d5 2. d4 c6 3. c4 Nf6 4. Nc3 dxc4 5. a4 Bf5 6. Bg5 Ne4 7. Rc1 Nxg5 8.
Nxg5 e6 9. Nf3 Bb4 10. e3 Qd5 11. Be2 O-O 12. O-O Bxc3 13. Rxc3 b5 14. Nd2 a6
15. Bf3 Qd6 16. Ne4 Bxe4 17. Bxe4 Nd7 18. Qf3 Rac8 19. Rfc1 Nb6 20. axb5 axb5
21. b3 b4 22. bxc4 bxc3 23. c5 Qc7 24. cxb6 Qxb6 25. Rxc3 Qb2 26. Rd3 f5 27.
Bxc6 Rxc6 0-1

[Event "13. Lichtenberger Sommer"]
[Site "?"]
[Date "2014.08.23"]
[Round "8.41"]
[White "Willich, Manfred"]
[Black "Kollberg, Lothar"]
[Result "1/2-1/2"]
[WhiteElo "1961"]
[BlackElo "2138"]
[PlyCount "92"]
[EventDate "2014.??.??"]
[WhiteTeam "SK Turm Bad Hersfeld"]
[BlackTeam "SC Zugzwang 95 e.V."]

1. d4 Nf6 2. c4 d6 3. Nf3 Nbd7 4. Nc3 e5 5. g3 Be7 6. Bg2 O-O 7. O-O c6 8. dxe5
dxe5 9. Qc2 Qc7 10. Be3 Re8 11. Rfd1 Ng4 12. Bd2 a5 13. h3 Ngf6 14. Be3 Bc5 15.
Bxc5 Nxc5 16. Nd2 h6 17. b3 e4 18. Ndxe4 Ncxe4 19. Nxe4 Nxe4 20. Bxe4 Bxh3 21.
Bf3 Qe5 22. Qd2 Rad8 23. Qxd8 Rxd8 24. Rxd8+ Kh7 25. Rad1 Be6 26. R8d4 Qc5 27.
Kg2 a4 28. Be4+ g6 29. Bc2 Qa3 30. Bb1 axb3 31. axb3 Qxb3 32. Bd3 Kg7 33. Rb1
Qc3 34. Rd8 Bxc4 35. Rxb7 Qf6 36. Rbb8 Qc3 37. Bxc4 Qxc4 38. Rg8+ Kf6 39. Rge8
h5 40. Rbc8 h4 41. gxh4 c5 42. Rc6+ Kg7 43. Rec8 Qg4+ 44. Kf1 Qxh4 45. e3 Qc4+
46. Kg2 Qe4+ 1/2-1/2

[Event "13. Lichtenberger Sommer"]
[Site "?"]
[Date "2014.08.23"]
[Round "8.42"]
[White "Witte, Ronald"]
[Black "Wimmer, Thomas"]
[Result "1-0"]
[WhiteElo "2052"]
[BlackElo "1881"]
[PlyCount "87"]
[EventDate "2014.??.??"]
[WhiteTeam "BSV 63 Chemie Weißensee"]
[BlackTeam "SK Marburg 1931/72"]

1. d4 Nf6 2. c4 g6 3. Nc3 Bg7 4. e4 d6 5. Be2 O-O 6. Nf3 e5 7. d5 Na6 8. O-O
Nc5 9. Qc2 a5 10. Be3 Na6 11. a3 Ng4 12. Bg5 f6 13. Bd2 f5 14. h3 Nf6 15. Ne1
Bd7 16. f3 Qc8 17. Kh2 fxe4 18. Nxe4 Nxe4 19. fxe4 Rxf1 20. Bxf1 Qf8 21. Nd3 b6
22. Be2 Bh6 23. Rf1 Qg7 24. b4 axb4 25. axb4 Rf8 26. Ra1 Bc8 27. Qc1 Bxd2 28.
Qxd2 Rf4 29. Nxf4 exf4 30. Rf1 g5 31. Rb1 Qe5 32. Bf3 Qe7 33. Qe2 Nb8 34. Ra1
Nd7 35. Bg4 Kg7 36. Qb2+ Kg6 37. Qh8 Bb7 38. Bf5+ Kh6 39. Ra7 Bxd5 40. cxd5 Nf6
41. Qc8 f3 42. Qe6 Qxe6 43. Bxe6 f2 44. Ra1 1-0

[Event "13. Lichtenberger Sommer"]
[Site "?"]
[Date "2014.08.23"]
[Round "8.43"]
[White "Schubert, Joachim"]
[Black "Schulz, Wolfgang"]
[Result "0-1"]
[WhiteElo "1848"]
[BlackElo "2074"]
[PlyCount "68"]
[EventDate "2014.??.??"]
[WhiteTeam "SC Friesen Lichtenberg e.V."]
[BlackTeam "Hamburger SK von 1830 eV"]

1. e4 g6 2. d4 Bg7 3. Be2 d6 4. h4 Nf6 5. Nc3 a6 6. a4 b6 7. h5 Bb7 8. Qd3 Nbd7
9. h6 Bf8 10. Be3 e5 11. d5 Nc5 12. Qc4 Bc8 13. b4 Nxa4 14. Nxa4 b5 15. Qd3
bxa4 16. Rxa4 Bd7 17. Ra5 Be7 18. f3 Nh5 19. g4 Bh4+ 20. Kd2 Ng3 21. Rh3 Nxe2
22. Nxe2 Bg5 23. Rxa6 Rb8 24. Qa3 O-O 25. c4 f5 26. gxf5 gxf5 27. Bxg5 Qxg5+
28. Kd1 Kh8 29. Rh1 fxe4 30. fxe4 Qg2 31. Rg1 Qxe4 32. Qc3 Bg4 33. Ra2 Qb1+ 34.
Qc1 Qxa2 0-1

[Event "13. Lichtenberger Sommer"]
[Site "?"]
[Date "2014.08.23"]
[Round "8.44"]
[White "Küchler, Felix"]
[Black "Sabrowski, Uwe"]
[Result "0-1"]
[WhiteElo "1735"]
[BlackElo "2097"]
[PlyCount "104"]
[EventDate "2014.??.??"]
[WhiteTeam "Schachunion Berlin e.V."]
[BlackTeam "SC Friesen Lichtenberg e.V."]

1. e4 c5 2. Nc3 Nc6 3. f4 g6 4. Bc4 Bg7 5. Nf3 Rb8 6. a4 d6 7. O-O Nd4 8. Ng5
e6 9. d3 h6 10. Nf3 a6 11. Kh1 Ne7 12. Nxd4 cxd4 13. Ne2 b5 14. axb5 axb5 15.
Bb3 h5 16. Ng1 O-O 17. Nf3 Qc7 18. Bd2 Qc6 19. e5 Nf5 20. Qe1 Bb7 21. Rg1 Rfd8
22. Ba5 Rd7 23. Qf2 Qc5 24. exd6 Qxd6 25. Ng5 Ne3 26. Ne4 Qe7 27. Qe1 Nd5 28.
Bd2 Nf6 29. Bb4 Qd8 30. Nc5 Ng4 31. Nxd7 Qxd7 32. Bd2 Bf6 33. h3 Nh6 34. Qg3
Nf5 35. Qe1 Re8 36. Kh2 h4 37. Ra7 Qc6 38. c3 Bd8 39. Bd1 Qb6 40. Ra1 Ne3 41.
Bxe3 dxe3 42. d4 e5 43. Qxe3 Bc6 44. Kh1 exd4 45. Qxd4 Qb8 46. Qd2 Bc7 47. f5
Bf4 48. Qc2 Be4 49. Qb3 Qc8 50. Ra7 Qxf5 51. c4 Bb8 52. Bg4 Qf4 0-1

[Event "13. Lichtenberger Sommer"]
[Site "?"]
[Date "2014.08.23"]
[Round "8.45"]
[White "Lübke, Thomas"]
[Black "Sappok, Marius"]
[Result "0-1"]
[WhiteElo "1936"]
[BlackElo "2003"]
[PlyCount "60"]
[EventDate "2014.??.??"]
[WhiteTeam "FVS ASP Hoyerswerda"]
[BlackTeam "SC Zugzwang 95 e.V."]

1. e4 e5 2. Nf3 Nc6 3. Bb5 a6 4. Ba4 Nf6 5. O-O Be7 6. Re1 b5 7. Bb3 O-O 8. h3
Bb7 9. Nc3 d6 10. a3 Na5 11. Ba2 c5 12. b4 cxb4 13. axb4 Nc4 14. d3 Nb6 15. Be3
Rc8 16. Bxb6 Qxb6 17. Nd5 Nxd5 18. exd5 Rc3 19. Nd2 Rfc8 20. Bb3 f5 21. Re2 Qd4
22. Kh1 Qxb4 23. Qf1 Bf6 24. Rb1 Qd4 25. f4 Qxf4 26. Rf2 Qg5 27. Nf3 Qg3 28.
Nh2 g6 29. Rf3 Qh4 30. g3 Qd4 0-1

[Event "13. Lichtenberger Sommer"]
[Site "?"]
[Date "2014.08.23"]
[Round "8.46"]
[White "Fuchs, Gabriele"]
[Black "Hörmann, David"]
[Result "0-1"]
[WhiteElo "1708"]
[BlackElo "1983"]
[PlyCount "70"]
[EventDate "2014.??.??"]
[WhiteTeam "SF Kraichtal"]
[BlackTeam "SC Weisse Dame e.V."]

1. e4 c5 2. Nf3 d6 3. Bb5+ Bd7 4. Bxd7+ Qxd7 5. c4 Nc6 6. d4 cxd4 7. Nxd4 g6 8.
Nc3 Bg7 9. Be3 Nf6 10. f3 a6 11. O-O O-O 12. Rc1 Nxd4 13. Bxd4 b5 14. Nd5 Nxd5
15. cxd5 Bh6 16. f4 e5 17. fxe5 dxe5 18. Bxe5 Bxc1 19. Qxc1 f5 20. Qe3 fxe4 21.
Rxf8+ Rxf8 22. h4 Qxd5 23. Bf4 h5 24. Qg3 Kh7 25. Bg5 Rf7 26. b3 Qc5+ 27. Be3
Qf5 28. Qd6 Rd7 29. Qg3 Qg4 30. Qf2 Rd1+ 31. Kh2 Qf5 32. Qg3 Rd7 33. Bf4 Rd3
34. Qf2 e3 35. Qc2 Qxf4+ 0-1

[Event "13. Lichtenberger Sommer"]
[Site "?"]
[Date "2014.08.23"]
[Round "8.47"]
[White "Silz, Elisa"]
[Black "Westphal, Julian"]
[Result "0-1"]
[WhiteElo "1957"]
[BlackElo "1734"]
[PlyCount "102"]
[EventDate "2014.??.??"]
[WhiteTeam "SV Empor Berlin e.V."]
[BlackTeam "TSG Oberschöneweide e.V."]

1. d4 d5 2. c4 c6 3. Nf3 Nf6 4. Nc3 e6 5. Bg5 Nbd7 6. e3 Be7 7. Bd3 O-O 8. O-O
dxc4 9. Bxc4 b5 10. Bb3 Bb7 11. Rc1 a6 12. Qe2 c5 13. Rfd1 Qb6 14. Ne5 Rfd8 15.
Kh1 Nf8 16. Nf3 Rac8 17. d5 c4 18. Bc2 exd5 19. Nd4 Ne6 20. Nf5 Qc7 21. Bh4 Kf8
22. Nxe7 Qxe7 23. Bf5 b4 24. e4 bxc3 25. e5 g5 26. exf6 Qxf6 27. Bxe6 fxe6 28.
Bg3 cxb2 29. Rc2 c3 30. Be5 Qf5 31. Bxc3 Rxc3 32. Rxb2 Bc6 33. Qxa6 Rc2 34. Rb6
Bd7 35. f3 d4 36. Rd6 Qc5 37. h3 e5 38. Rh6 Qe7 39. Qd3 Rc6 40. Rxh7 Qf6 41.
Qa3+ Kg8 42. Re7 Rd6 43. Qb3+ Kf8 44. Rh7 Be6 45. Qa3 Bf7 46. h4 gxh4 47. g3
hxg3 48. Kg2 e4 49. Rf1 exf3+ 50. Rxf3 Bd5 51. Rh8+ Kg7 0-1

[Event "13. Lichtenberger Sommer"]
[Site "?"]
[Date "2014.08.23"]
[Round "8.48"]
[White "Hoffmann, Rainer"]
[Black "Feyer, Leon"]
[Result "0-1"]
[WhiteElo "2064"]
[BlackElo "1660"]
[PlyCount "54"]
[EventDate "2014.??.??"]
[WhiteTeam "BSC Rehberge 1945 e.V."]
[BlackTeam "SV Empor Berlin e.V."]

1. Nf3 d5 2. c4 c6 3. e3 Nf6 4. b3 Bg4 5. h3 Bh5 6. Nc3 e6 7. g4 Bg6 8. Ne5 d4
9. Nxg6 hxg6 10. exd4 Qxd4 11. Bg2 Nbd7 12. Qe2 Ne5 13. Qe3 Nd3+ 14. Kf1 O-O-O
15. Qxd4 Rxd4 16. Ke2 Bc5 17. Rd1 Nf4+ 18. Kf1 Nxh3 19. Ne2 Rxg4 20. d4 Bd6 21.
Be3 Nf4 22. Bf3 Rgh4 23. a3 Nxe2 24. Kxe2 Bf4 25. d5 Bxe3 26. Kxe3 exd5 27.
cxd5 Re8+ 0-1

[Event "13. Lichtenberger Sommer"]
[Site "?"]
[Date "2014.08.23"]
[Round "8.49"]
[White "Godoj, Veit"]
[Black "Schröter, Maik"]
[Result "1-0"]
[WhiteElo "2031"]
[BlackElo "1854"]
[PlyCount "71"]
[EventDate "2014.??.??"]
[WhiteTeam "SV Königsjäger Süd-West e.V."]
[BlackTeam "SG Blau-Weiß Stadtilm"]

1. d4 Nf6 2. Nf3 b6 3. Bg5 Bb7 4. Nbd2 e6 5. e3 d6 6. Bd3 h6 7. Bxf6 gxf6 8.
Qe2 Nc6 9. c3 Ne7 10. O-O-O a5 11. Bb5+ c6 12. Bd3 Ng6 13. h4 h5 14. Rhg1 f5
15. g3 Bh6 16. Kb1 b5 17. e4 fxe4 18. Nxe4 b4 19. c4 Kd7 20. c5 Bf8 21. cxd6
Bxd6 22. Nxd6 Kxd6 23. Ng5 Qe7 24. Rge1 Rae8 25. Bxg6 fxg6 26. Qe5+ Kd7 27.
Qxa5 Qf8 28. Qb6 Kc8 29. f4 Qf5+ 30. Ka1 Qg4 31. Nf7 Rd8 32. Nxh8 Rxh8 33. Qxb4
Qxg3 34. Rxe6 Qxh4 35. Re7 Ba8 36. Qd6 1-0

[Event "13. Lichtenberger Sommer"]
[Site "?"]
[Date "2014.08.23"]
[Round "8.50"]
[White "Kapr, Klaus"]
[Black "Huebner, Alan-Ari"]
[Result "1-0"]
[WhiteElo "2069"]
[BlackElo "1785"]
[PlyCount "57"]
[EventDate "2014.??.??"]
[WhiteTeam "SC Friesen Lichtenberg e.V."]
[BlackTeam "vereinslos"]

1. e4 c5 2. Nf3 d6 3. d4 cxd4 4. Nxd4 Nf6 5. Nc3 a6 6. Be2 e5 7. Nb3 Be6 8. O-O
Nbd7 9. f4 Rc8 10. f5 Bc4 11. Bxc4 Rxc4 12. Qd3 Rc6 13. Be3 Be7 14. Nd5 Nxd5
15. exd5 Rc8 16. c4 Nb6 17. Rac1 O-O 18. Nd2 Nd7 19. b4 Nf6 20. Ne4 Nxe4 21.
Qxe4 b6 22. Rc3 Qc7 23. f6 Bxf6 24. Rxf6 gxf6 25. Qf5 Qxc4 26. Rxc4 Rxc4 27. h3
Kg7 28. Bh6+ Kxh6 29. Qxf6+ 1-0

[Event "13. Lichtenberger Sommer"]
[Site "?"]
[Date "2014.08.23"]
[Round "8.51"]
[White "Kutschke, Jens"]
[Black "Grassi, Fabrizio"]
[Result "1/2-1/2"]
[WhiteElo "2014"]
[BlackElo "1893"]
[PlyCount "80"]
[EventDate "2014.??.??"]
[WhiteTeam "Sfrd. Berlin 1903 e.V."]
[BlackTeam "SV Berlin-Friedrichstadt"]

1. e4 d5 2. exd5 Nf6 3. d4 Nxd5 4. c4 Nb6 5. Be3 e5 6. dxe5 Qxd1+ 7. Kxd1 Nc6
8. Bxb6 axb6 9. f4 Bf5 10. Nd2 Nb4 11. a3 Bc5 12. Ngf3 Nc2 13. Rc1 Ne3+ 14. Ke1
Nc2+ 15. Kd1 Ne3+ 16. Ke2 O-O-O 17. Rc3 Nxf1 18. Rxf1 Rhe8 19. b4 Bd4 20. Nxd4
Rxd4 21. Nb3 Rd7 22. Kf3 Red8 23. Nc1 h5 24. h3 h4 25. g4 hxg3 26. Kxg3 Rd2 27.
Rf2 Rd1 28. Kf3 Bxh3 29. Ke3 Bf5 30. a4 Rh1 31. Ne2 Rh3+ 32. Rf3 Rxf3+ 33. Kxf3
Rd3+ 34. Rxd3 Bxd3 35. c5 bxc5 36. bxc5 Bxe2+ 37. Kxe2 Kd7 38. Kd3 Ke6 39. Ke4
g6 40. a5 c6 1/2-1/2

[Event "13. Lichtenberger Sommer"]
[Site "?"]
[Date "2014.08.23"]
[Round "8.52"]
[White "Kapp, Frank"]
[Black "Poseck, Steffen"]
[Result "0-1"]
[WhiteElo "1910"]
[BlackElo "2019"]
[PlyCount "104"]
[EventDate "2014.??.??"]
[WhiteTeam "TSV IFA Chemnitz"]
[BlackTeam "BSV 63 Chemie Weißensee"]

1. d4 Nf6 2. c4 g6 3. Nc3 d5 4. cxd5 Nxd5 5. e4 Nxc3 6. bxc3 c5 7. Nf3 Bg7 8.
Be2 O-O 9. O-O Nc6 10. Bb2 cxd4 11. cxd4 Bg4 12. e5 Qd7 13. h3 Be6 14. Qa4 Nxe5
15. Qxd7 Nxd7 16. Rfd1 Nb6 17. Ba3 Bf6 18. Bc5 Na4 19. Bb4 Rac8 20. Bd3 Nc3 21.
Rd2 Rfd8 22. Rc2 Nd5 23. Rxc8 Rxc8 24. Bd2 Bf5 25. Bxf5 gxf5 26. Rc1 Rxc1+ 27.
Bxc1 Nc3 28. Kf1 Nxa2 29. Bd2 e6 30. Ke2 Be7 31. Kd3 Nb4+ 32. Kc4 Nd5 33. Ne5
f6 34. Nd7 Kf7 35. g3 Ke8 36. Nc5 Bxc5 37. dxc5 Kd7 38. Bh6 Kc6 39. h4 a5 40.
h5 a4 41. Bc1 Nc7 42. Bb2 e5 43. f4 exf4 44. gxf4 Ne6 45. Bxf6 Nxf4 46. h6 Ne6
47. Be7 f4 48. Bf6 f3 49. Kd3 Nxc5+ 50. Ke3 f2 51. Ke2 Ne4 52. Be7 Kd5 0-1

[Event "13. Lichtenberger Sommer"]
[Site "?"]
[Date "2014.08.23"]
[Round "8.53"]
[White "Roth, Joachim"]
[Black "Steiner, Wolfram"]
[Result "1/2-1/2"]
[WhiteElo "1930"]
[BlackElo "1995"]
[PlyCount "116"]
[EventDate "2014.??.??"]
[WhiteTeam "SG Bund"]
[BlackTeam "SG Lasker Steglitz-Wilmersdorf"]

1. d4 Nf6 2. Nf3 g6 3. Bg5 Bg7 4. e3 c5 5. Nbd2 b6 6. c3 Bb7 7. Bd3 O-O 8. Qe2
d5 9. O-O-O Nc6 10. h4 c4 11. Bc2 b5 12. Ne5 b4 13. g4 bxc3 14. bxc3 Qa5 15.
Nb1 Qxa2 16. Bxf6 exf6 17. Nd7 Rfd8 18. Nc5 Rab8 19. h5 Na5 20. hxg6 hxg6 21.
Rd2 Bc6 22. Bxg6 Nb3+ 23. Nxb3 Qxb3 24. Bh7+ Kf8 25. Rb2 Qxb2+ 26. Qxb2 Rxb2
27. Kxb2 Rb8+ 28. Kc1 Ke7 29. Bc2 Rg8 30. f3 Bf8 31. Rh5 Rg5 32. Rh4 Bd7 33. e4
dxe4 34. Bxe4 f5 35. gxf5 Bxf5 36. Bxf5 Rxf5 37. Nd2 Rf6 38. Nxc4 Rxf3 39. Kc2
Bg7 40. Rh1 Rf2+ 41. Kb3 Rf4 42. Ne3 Rf3 43. Nd5+ Kd6 44. Kc4 a5 45. Ra1 Bh6
46. Rxa5 Bd2 47. Ra6+ Kd7 48. Ra2 Bg5 49. Ra7+ Kd6 50. Nb6 Bd2 51. Nc8+ Ke6 52.
d5+ Kf6 53. Ra3 Ke5 54. d6 Ke6 55. Kb4 Rxc3 56. Rxc3 Bxc3+ 57. Kxc3 Kd7 58.
Nb6+ Kxd6 1/2-1/2

[Event "13. Lichtenberger Sommer"]
[Site "?"]
[Date "2014.08.23"]
[Round "8.54"]
[White "Kievelitz, Bernd"]
[Black "Schindler, Rudolf"]
[Result "1-0"]
[WhiteElo "1998"]
[BlackElo "1846"]
[PlyCount "108"]
[EventDate "2014.??.??"]
[WhiteTeam "SC Zitadelle Spandau 1977 e.V."]
[BlackTeam "SG Lasker Steglitz-Wilmersdorf"]

1. Nf3 Nf6 2. c4 c6 3. d4 d5 4. Nc3 a6 5. e3 b5 6. cxd5 cxd5 7. Bd3 Bb7 8. O-O
e6 9. a3 Nbd7 10. Re1 Be7 11. Ne5 Nxe5 12. dxe5 Ne4 13. Qg4 Ng5 14. e4 h5 15.
Qe2 d4 16. Na2 g6 17. Bf4 O-O 18. Rac1 Qd7 19. Qd2 Nh7 20. h3 Rfc8 21. Bb1 Rxc1
22. Rxc1 a5 23. Rd1 f5 24. exf5 Qd5 25. f3 gxf5 26. Nc1 Nf8 27. Ba2 Qc6 28. Qd3
b4 29. Qxf5 Qe8 30. Bxe6+ Nxe6 31. Qxe6+ Qf7 32. Qxf7+ Kxf7 33. axb4 Bxb4 34.
Bd2 Bc5 35. Nd3 Bb6 36. Kf2 Ba6 37. Ke2 Rg8 38. Rg1 Re8 39. f4 Ke6 40. Bc1 Kd5
41. Kd2 Ke4 42. Re1+ Kf5 43. b3 Rg8 44. g4+ hxg4 45. e6 gxh3 46. e7 Re8 47. Ba3
Bb7 48. Re5+ Kg4 49. Rb5 Be4 50. Rxb6 Bxd3 51. Kxd3 Kh5 52. Rc6 Rb8 53. Kxd4
Kg4 54. Ra6 Kg3 1-0

[Event "13. Lichtenberger Sommer"]
[Site "?"]
[Date "2014.08.23"]
[Round "8.55"]
[White "Reiche, Henry"]
[Black "Herrmann, Eberhard"]
[Result "0-1"]
[WhiteElo "1992"]
[BlackElo "1852"]
[PlyCount "78"]
[EventDate "2014.??.??"]
[WhiteTeam "SC Zugzwang 95 e.V."]
[BlackTeam "SC Friesen Lichtenberg e.V."]

1. e4 e5 2. Nf3 d6 3. Bc4 Be7 4. d3 Nc6 5. a3 Bg4 6. h3 Bh5 7. c3 Nf6 8. Be3 a6
9. Nbd2 d5 10. Ba2 O-O 11. Bg5 dxe4 12. dxe4 h6 13. Be3 Qd7 14. O-O Rad8 15.
Qc2 Bd6 16. Rfe1 Bg6 17. Nh4 Bh7 18. f3 Ne7 19. g4 Nfd5 20. Bf2 Nf4 21. Kh2 Bc5
22. Nf1 Bxf2 23. Qxf2 Nd3 24. Qg2 Nxe1 25. Rxe1 Qc6 26. Ne3 Rd7 27. Nhf5 Ng6
28. Nd5 Qc5 29. b4 Qa7 30. Qc2 c6 31. Nde3 Rfd8 32. Nf1 Nf4 33. N5e3 Qb8 34.
Nf5 Bxf5 35. exf5 Rd3 36. Re3 Qa7 37. Rxd3 Rxd3 38. f6 Rxf3 39. Bxf7+ Kxf7 0-1

[Event "13. Lichtenberger Sommer"]
[Site "?"]
[Date "2014.08.23"]
[Round "8.56"]
[White "Bandsom, Olaf"]
[Black "Fartmann, Oliver"]
[Result "0-1"]
[WhiteElo "1812"]
[BlackElo "1927"]
[PlyCount "100"]
[EventDate "2014.??.??"]
[WhiteTeam "SC Friesen Lichtenberg e.V."]
[BlackTeam "SV Mattnetz Berlin e.V."]

1. e4 c5 2. Nf3 e6 3. Nc3 a6 4. d4 cxd4 5. Nxd4 Qc7 6. Be3 Nf6 7. a3 b5 8. Bd3
Nc6 9. Nxc6 dxc6 10. O-O e5 11. h3 Bd6 12. Qc1 Nh5 13. Ne2 Nf4 14. Nxf4 exf4
15. Bd4 c5 16. e5 cxd4 17. exd6 Qxd6 18. Re1+ Be6 19. a4 O-O 20. axb5 axb5 21.
Rxa8 Rxa8 22. Bxb5 f3 23. g4 h5 24. Qg5 hxg4 25. hxg4 Rc8 26. Bd3 Rc5 27. Bf5
g6 28. Rxe6 fxe6 29. Qxg6+ Kf8 30. Qf6+ Ke8 31. Bxe6 Re5 32. Bf7+ Kd7 33. Qxd6+
Kxd6 34. Bg6 Rg5 35. Bf5 Ke5 36. b3 Kf4 37. b4 Rg7 38. Kf1 Rb7 39. Ke1 Rxb4 40.
Kd2 Rb1 41. Kd3 Rd1+ 42. Kc4 Rd2 43. Bd3 Ke5 44. g5 Rxf2 45. g6 Rg2 46. c3 dxc3
47. Kxc3 f2 48. Bf1 Rxg6 49. Kd2 Kf4 50. Ke2 Kg3 0-1

[Event "13. Lichtenberger Sommer"]
[Site "?"]
[Date "2014.08.23"]
[Round "8.57"]
[White "Stiemerling, Andreas"]
[Black "Muskewitz, Bernd"]
[Result "0-1"]
[WhiteElo "1699"]
[BlackElo "1969"]
[PlyCount "42"]
[EventDate "2014.??.??"]
[WhiteTeam "SSV Rotation Berlin e.V."]
[BlackTeam "SV Mattnetz Berlin e.V."]

1. c4 e5 2. Nc3 Nf6 3. g3 Nc6 4. Bg2 Bb4 5. e3 Bxc3 6. bxc3 O-O 7. Ne2 e4 8.
O-O b6 9. f3 exf3 10. Bxf3 Bb7 11. d3 Qc8 12. Nf4 Ne5 13. e4 Nxf3+ 14. Qxf3 d6
15. Nd5 Nxd5 16. cxd5 Qe8 17. Bf4 f5 18. Rae1 fxe4 19. Qxe4 Qh5 20. c4 Rae8 21.
Qf3 Qxf3 0-1

[Event "13. Lichtenberger Sommer"]
[Site "?"]
[Date "2014.08.23"]
[Round "8.58"]
[White "Osten, David"]
[Black "Hintze, Emanuel"]
[Result "1/2-1/2"]
[WhiteElo "1733"]
[BlackElo "1922"]
[PlyCount "52"]
[EventDate "2014.??.??"]
[WhiteTeam "SF Friedrichshagen"]
[BlackTeam "SK Zehlendorf e.V."]

1. e4 c5 2. Nf3 Nc6 3. Bb5 g6 4. Bxc6 bxc6 5. O-O Bg7 6. Re1 Nf6 7. c4 O-O 8.
e5 Ne8 9. Nc3 d5 10. d3 Nc7 11. Qa4 Bb7 12. Qa3 Ne6 13. Na4 Qa5 14. Bd2 Qa6 15.
Ng5 Nd4 16. Rac1 Rab8 17. Nxc5 Qxa3 18. bxa3 Bc8 19. Bc3 Bh6 20. Bxd4 Bxg5 21.
Rb1 Bf5 22. cxd5 cxd5 23. h3 h5 24. f3 h4 25. Kf2 Bf4 26. Ke2 Rfc8 1/2-1/2